El Ateneo de Santiago (Record no. 9760)

MARC details
000 -LEADER
campo de control de longitud fija 00678nam a2200193 i 4500
001 - NÚMERO DE CONTROL
campo de control 9760
003 - IDENTIFICADOR DE NÚMERO DE CONTROL
campo de control ES-MaACL
005 - FECHA Y HORA DE LA ÚLTIMA TRANSACCIÓN
campo de control 20230906145742.0
007 - CAMPO FIJO DE DESCRIPCIÓN FÍSICA--INFORMACIÓN GENERAL
campo de control de longitud fija t|
008 - DATOS DE LONGITUD FIJA--INFORMACIÓN GENERAL
campo de control de longitud fija 940104s1992 cl ||||1| spa d
080 ## - NÚMERO DE LA CLASIFICACIÓN DECIMAL UNIVERSAL
Número de la Clasificación Decimal Universal 061.21(83.8)Ateneo de Santiago de Chile
100 1# - ENTRADA PRINCIPAL--NOMBRE DE PERSONA
Nombre de persona Sánchez Durán, Fernando.
9 (RLIN) 102620
245 13 - MENCIÓN DEL TÍTULO
Título El Ateneo de Santiago
Resto del título : tradición y excelencia (1881-1991) /
Mención de responsabilidad, etc. Fernando Sánchez Durán.
260 ## - PUBLICACIÓN, DISTRIBUCIÓN, ETC.
Lugar de publicación, distribución, etc. [Santiago de Chile] :
Nombre del editor, distribuidor, etc. Ediciones Ateneo,
Fecha de publicación, distribución, etc. 1992.
300 ## - DESCRIPCIÓN FÍSICA
Extensión 113 p., [4] p. de lám. ;
Dimensiones 19 cm.
610 2# - PUNTO DE ACCESO ADICIONAL DE MATERIA--NOMBRE DE ENTIDAD CORPORATIVA
Nombre de entidad corporativa o nombre de jurisdicción como elemento de entrada Ateneo de Santiago de Chile-
Subdivisión general Historia.
9 (RLIN) 2027
710 2# - ENTRADA AGREGADA--NOMBRE DE ENTIDAD CORPORATIVA
Nombre de entidad corporativa o nombre de jurisdicción como elemento de entrada Ateneo de Santiago de Chile.
9 (RLIN) 2026
852 ## - LOCALIZACIÓN
Ubicación ES-MaACL
Número de control de estantería L-17054
Sublocalización o colección R.121668
Holdings
Estatus retirado Estado de pérdida Estado de daño No para préstamo Biblioteca de origen Biblioteca actual Ubicación en estantería Fecha de adquisición Fuente de adquisición Total de préstamos Signatura topográfica completa Código de barras Visto por última vez Precio de reemplazo Tipo de ítem Koha
        Biblioteca del Ateneo de Madrid Biblioteca del Ateneo de Madrid Depósito 2 17/01/2008     L-17054 1009962 23/02/2023 23/02/2023 Libro impreso